[Event "Armavir Cup op"]
[Site "Armavir"]
[Date "2014.??.??"]
[Round "5"]
[White "Drachev, Vladimir"]
[Black "Popov, Gennady"]
[Result "1-0"]
[WhiteElo "2245"]
[BlackElo "1983"]
[PlyCount "91"]
[EventDate "2014.12.14"]
[EventType "swiss"]
[EventRounds "9"]
[EventCountry "RUS"]
[SourceTitle "CBM 164 Extra"]
[Source "ChessBase"]
[SourceDate "2015.03.02"]
[SourceVersion "1"]
[SourceVersionDate "2015.03.02"]
[SourceQuality "1"]

1. e4 c5 2. d3 Nc6 3. Nf3 e5 4. g3 d6 5. Bg2 Nf6 6. 0-0 Be7 7. Nbd2 0-0 8. Re1 h6 9. Nf1 Be6 10. c3 Qd7 11. Qe2 Bh3 12. Nh4 Bxg2 13. Kxg2 d5 14. Nf5 Rfe8 15. Qf3 c4 16. exd5 e4 17. dxe4 Ne5 18. Qd1 Bd6 19. f3 Nd3 20. Re2 Nxc1 21. Rxc1 g6 22. Nd4 Rac8 23. b3 Nh7 24. bxc4 Ng5 25. Ne3 Bc5 26. Ng4 Kg7 27. h4 Nh7 28. e5 h5 29. Nf2 a6 30. Qd3 Qa4 31. f4 b5 32. Ne4 bxc4 33. Qd1 Qd7 34. d6 Ba3 35. Rb1 Rb8 36. Nc2 Rxb1 37. Qxb1 Qa4 38. Qb7 Nf8 39. Nxa3 Qxa3 40. Ng5 Qa4 41. Qxf7+ Kh8 42. Qd5 Qd7 43. Qxc4 Rc8 44. e6 Nxe6 45. Qxe6 Qc6+ 46. Kh2 1-0

[Event "Armavir Cup op"]
[Site "Armavir"]
[Date "2014.??.??"]
[Round "7"]
[White "Lyashenko, Valeri"]
[Black "Popov, Gennady"]
[Result "1-0"]
[WhiteElo "1992"]
[BlackElo "1983"]
[PlyCount "111"]
[EventDate "2014.12.14"]
[EventType "swiss"]
[EventRounds "9"]
[EventCountry "RUS"]
[SourceTitle "CBM 164 Extra"]
[Source "ChessBase"]
[SourceDate "2015.03.02"]
[SourceVersion "1"]
[SourceVersionDate "2015.03.02"]
[SourceQuality "1"]

1. c4 e5 2. Nc3 f5 3. d3 Nf6 4. a3 Nc6 5. Bg5 Be7 6. Bxf6 Bxf6 7. e4 fxe4 8. dxe4 0-0 9. g3 d6 10. Bg2 Nd4 11. Nge2 Bg4 12. Qd3 c5 13. 0-0 Qd7 14. f3 Bh3 15. Kh1 Bxg2+ 16. Kxg2 Rae8 17. b4 h5 18. Ng1 h4 19. g4 a6 20. b5 Bd8 21. a4 Re7 22. Nd5 Ref7 23. h3 Bg5 24. Ra2 Bf4 25. Ra3 Bg3 26. Qd1 Qd8 27. Qd2 Ne6 28. Ne2 Nf4+ 29. Ndxf4 Bxf4 30. Nxf4 Rxf4 31. Rd1 R4f6 32. Qd5+ Kh8 33. Qxb7 R6f7 34. Qd5 Qf6 35. Qd2 axb5 36. axb5 Kh7 37. Rb1 Rb7 38. Rbb3 Rfb8 39. Ra6 Rb6 40. Rxb6 Rxb6 41. Ra3 Rb8 42. Ra7 Rf8 43. Qe3 Kg6 44. Ra6 Rd8 45. Ra3 Qf7 46. Qc1 Kh7 47. b6 Rd7 48. Rb3 Rb7 49. Rb2 Qe7 50. Qd2 Qd8 51. Qe1 Kg6 52. Qa5 Qg5 53. Qb5 Qf4 54. Qe8+ Qf7 55. Qh8 Qf6 56. Qh5# 1-0

[Event "Belorechensk Seniors op"]
[Site "Belorechensk"]
[Date "2013.02.20"]
[Round "8"]
[White "Popov, Gennady"]
[Black "Papuev, Victor"]
[Result "1-0"]
[WhiteElo "2079"]
[BlackElo "1766"]
[PlyCount "63"]
[EventDate "2013.02.13"]
[EventType "swiss"]
[EventRounds "9"]
[EventCountry "RUS"]
[SourceTitle "CBM 153 Extra"]
[Source "ChessBase"]
[SourceDate "2013.04.22"]
[SourceVersion "1"]
[SourceVersionDate "2013.04.22"]
[SourceQuality "1"]

1. d4 d5 2. Nf3 Bf5 3. g3 e6 4. Bg2 Nf6 5. 0-0 Be7 6. Nh4 Bg6 7. Nxg6 hxg6 8. Nd2 Nbd7 9. c4 c6 10. e4 dxe4 11. Nxe4 Nxe4 12. Bxe4 Nf6 13. Bg2 Qd7 14. a3 Rd8 15. Be3 a5 16. Qe2 0-0 17. Rad1 Qc7 18. Rfe1 Rfe8 19. h4 Nh5 20. d5 exd5 21. cxd5 cxd5 22. Rxd5 Rxd5 23. Bxd5 Nf6 24. Bg2 b6 25. Rc1 Qb8 26. Bc6 Rc8 27. Qa6 Bd8 28. Bf4 Bc7 29. Bb7 Ne8 30. Bxc8 Bxf4 31. gxf4 Qxf4 32. Qc4 1-0

[Event "Belorechensk Seniors op"]
[Site "Belorechensk"]
[Date "2013.02.18"]
[Round "6"]
[White "Popov, Gennady"]
[Black "Bakurov, Viacheslav"]
[Result "1-0"]
[WhiteElo "2079"]
[BlackElo "1971"]
[PlyCount "43"]
[EventDate "2013.02.13"]
[EventType "swiss"]
[EventRounds "9"]
[EventCountry "RUS"]
[SourceTitle "CBM 153 Extra"]
[Source "ChessBase"]
[SourceDate "2013.04.22"]
[SourceVersion "1"]
[SourceVersionDate "2013.04.22"]
[SourceQuality "1"]

1. d4 Nc6 2. d5 Ne5 3. f4 Ng6 4. e4 e5 5. f5 Qh4+ 6. Kd2 Qxe4 7. fxg6 Qxd5+ 8. Ke1 Qxd1+ 9. Kxd1 hxg6 10. Nc3 c6 11. Nf3 f6 12. Bd3 Kf7 13. Rf1 d5 14. Nxe5+ Ke8 15. Bxg6+ Ke7 16. Nf3 Bg4 17. Bf4 Kd7 18. h3 Ne7 19. Bd3 Bh5 20. Kd2 b5 21. Rae1 a5 22. Nd4 1-0

[Event "Krasnodar Region Cup"]
[Site "Krasnodar"]
[Date "2013.01.28"]
[Round "6"]
[White "Popov, Gennady"]
[Black "Verkholantsev, Sergey"]
[Result "1-0"]
[WhiteElo "2079"]
[BlackElo "1768"]
[PlyCount "45"]
[EventDate "2013.01.23"]
[EventType "swiss"]
[EventRounds "8"]
[EventCountry "RUS"]
[SourceTitle "EXT 2023"]
[Source "ChessBase"]
[SourceDate "2022.10.05"]
[SourceVersion "1"]
[SourceVersionDate "2022.10.05"]
[SourceQuality "1"]

1. d4 d5 2. Nf3 Nf6 3. c4 e6 4. a3 dxc4 5. Nc3 Nc6 6. e4 Nd7 7. Bxc4 Nb6 8. Ba2 Be7 9. 0-0 0-0 10. Be3 Na5 11. Qe2 Bf6 12. e5 Be7 13. Rad1 Nd5 14. Ne4 b6 15. Bb1 h6 16. h3 Bb7 17. Qd3 f5 18. exf6 Nxf6 19. Nxf6+ Rxf6 20. Qh7+ Kf7 21. Ne5+ Ke8 22. Bg6+ Rxg6 23. Qxg6+ 1-0

[Event "Omsk CC-ch sf"]
[Site "Omsk"]
[Date "2010.08.10"]
[Round "6"]
[White "Abdulmanov, Marat"]
[Black "Popov, Gennady"]
[Result "0-1"]
[WhiteElo "2080"]
[BlackElo "2199"]
[PlyCount "72"]
[EventDate "2010.08.01"]
[EventType "swiss"]
[EventRounds "9"]
[EventCountry "RUS"]
[SourceTitle "EXT 2012"]
[Source "ChessBase"]
[SourceDate "2011.11.24"]
[SourceVersion "1"]
[SourceVersionDate "2011.11.24"]
[SourceQuality "1"]

1. e4 d6 2. d4 g6 3. Nf3 Nf6 4. Nc3 a6 5. Bd3 Bg7 6. 0-0 Bg4 7. h3 Bxf3 8. Qxf3 Nc6 9. Be3 0-0 10. Rad1 e5 11. Ne2 Qe8 12. c3 Nd7 13. Qg3 exd4 14. Nxd4 Nc5 15. f3 Nxd3 16. Rxd3 Ne5 17. Rdd1 Rd8 18. Bc1 c5 19. Nc2 c4 20. Ne3 b5 21. Nd5 Nd3 22. Qh4 f6 23. Qg4 Rd7 24. Nf4 Nxc1 25. Rxc1 f5 26. exf5 Rxf5 27. Rfe1 Re7 28. Kh1 Rfe5 29. Rxe5 Rxe5 30. Rd1 Bf8 31. Nd5 Qd8 32. f4 Rf5 33. g3 Qa8 34. Qf3 Qc8 35. Re1 Qd8 36. Qe4 Rh5 0-1

[Event "Omsk CC-ch sf"]
[Site "Omsk"]
[Date "2010.08.03"]
[Round "2"]
[White "Popov, Gennady"]
[Black "Feofanov, Alexander"]
[Result "1-0"]
[WhiteElo "2199"]
[BlackElo "1775"]
[PlyCount "21"]
[EventDate "2010.08.01"]
[EventType "swiss"]
[EventRounds "9"]
[EventCountry "RUS"]
[SourceTitle "EXT 2012"]
[Source "ChessBase"]
[SourceDate "2011.11.24"]
[SourceVersion "1"]
[SourceVersionDate "2011.11.24"]
[SourceQuality "1"]

1. f4 c5 2. Nf3 d5 3. d4 Nc6 4. Nc3 Bg4 5. e3 e6 6. Be2 Nf6 7. 0-0 Bd6 8. a3 0-0 9. b4 cxb4 10. axb4 a6 11. Nd2 1-0